header

A commonwealth of knowledge (Record no. 7269)

MARC details
000 -LEADER
fixed length control field 01854nam a22004454a 4500
001 - CONTROL NUMBER
control field ebr10271388
003 - CONTROL NUMBER IDENTIFIER
control field CaPaEBR
006 - FIXED-LENGTH DATA ELEMENTS--ADDITIONAL MATERIAL CHARACTERISTICS--GENERAL INFORMATION
fixed length control field m u
007 - PHYSICAL DESCRIPTION FIXED FIELD--GENERAL INFORMATION
fixed length control field cr cn|||||||||
008 - FIXED-LENGTH DATA ELEMENTS--GENERAL INFORMATION
fixed length control field 060628s2006 enka sb 001 0 eng
010 ## - LIBRARY OF CONGRESS CONTROL NUMBER
Canceled/invalid LC control number 2006021303
015 ## - NATIONAL BIBLIOGRAPHY NUMBER
National bibliography number GBA647579
Source bnb
016 7# - NATIONAL BIBLIOGRAPHIC AGENCY CONTROL NUMBER
Canceled or invalid record control number 013469795
Source Uk
020 ## - INTERNATIONAL STANDARD BOOK NUMBER
Cancelled/invalid ISBN 0199296634 (alk. paper)
Cancelled/invalid ISBN 9780199296637 (alk. paper)
040 ## - CATALOGING SOURCE
Original cataloging agency CaPaEBR
Transcribing agency CaPaEBR
035 ## - SYSTEM CONTROL NUMBER
System control number (OCoLC)99800768
043 ## - GEOGRAPHIC AREA CODE
Geographic area code f-sa---
050 14 - LIBRARY OF CONGRESS CALL NUMBER
Classification number DT1756
Item number .D83 2006eb
082 04 - DEWEY DECIMAL CLASSIFICATION NUMBER
Classification number 305.83/936
Edition number 22
100 1# - MAIN ENTRY--PERSONAL NAME
Personal name Dubow, Saul.
245 12 - TITLE STATEMENT
Title A commonwealth of knowledge
Medium [electronic resource] :
Remainder of title science, sensibility, and white South Africa, 1820-2000 /
Statement of responsibility, etc Saul Dubow.
260 ## - PUBLICATION, DISTRIBUTION, ETC. (IMPRINT)
Place of publication, distribution, etc Oxford ;
-- New York :
Name of publisher, distributor, etc Oxford University Press,
Date of publication, distribution, etc 2006.
300 ## - PHYSICAL DESCRIPTION
Extent viii, 296 p. :
Other physical details ill.
504 ## - BIBLIOGRAPHY, ETC. NOTE
Bibliography, etc Includes bibliographical references (p. [279]-290) and index.
533 ## - REPRODUCTION NOTE
Type of reproduction Electronic reproduction.
Place of reproduction Palo Alto, Calif. :
Agency responsible for reproduction ebrary,
Date of reproduction 2013.
Note about reproduction Available via World Wide Web.
-- Access may be limited to ebrary affiliated libraries.
650 #0 - SUBJECT ADDED ENTRY--TOPICAL TERM
Topical term or geographic name as entry element Whites
General subdivision Race identity
Geographic subdivision South Africa.
Topical term or geographic name as entry element National characteristics, South African.
Topical term or geographic name as entry element Nationalism
Geographic subdivision South Africa
General subdivision History.
Topical term or geographic name as entry element Power (Social sciences)
Geographic subdivision South Africa
General subdivision History.
Topical term or geographic name as entry element Science
General subdivision Social aspects
Geographic subdivision South Africa
General subdivision History.
Topical term or geographic name as entry element Science
General subdivision Political aspects
Geographic subdivision South Africa
General subdivision History.
651 #0 - SUBJECT ADDED ENTRY--GEOGRAPHIC NAME
Geographic name South Africa
General subdivision Race relations.
Geographic name South Africa
General subdivision Politics and government
Chronological subdivision 19th century.
Geographic name South Africa
General subdivision Politics and government
Chronological subdivision 20th century.
Geographic name South Africa
General subdivision Intellectual life.
655 #7 - INDEX TERM--GENRE/FORM
Genre/form data or focus term Electronic books.
Source of term local
710 2# - ADDED ENTRY--CORPORATE NAME
Corporate name or jurisdiction name as entry element ebrary, Inc.
856 40 - ELECTRONIC LOCATION AND ACCESS
Uniform Resource Identifier <a href="http://site.ebrary.com/lib/rucke/Doc?id=10271388">http://site.ebrary.com/lib/rucke/Doc?id=10271388</a>
Public note An electronic book accessible through the World Wide Web; click to view

No items available.

© 2026 Rongo University
Contact us: librarian | system librarian | Rongo university